Ballast Water Management Convention : and guidelines for its implementation / (Record no. 44)

000 -LEADER
fixed length control field 00799nam a2200241Ia 4500
007 - PHYSICAL DESCRIPTION FIXED FIELD--GENERAL INFORMATION
fixed length control field ta
008 - FIXED-LENGTH DATA ELEMENTS--GENERAL INFORMATION
fixed length control field 190719s2009||||xxk||||g ||||i100 0 eng|d
020 ## - INTERNATIONAL STANDARD BOOK NUMBER
International Standard Book Number 9789280115031
Terms of availability £ 10.00
040 ## - CATALOGING SOURCE
Original cataloging agency IMU Kochi Library
Language of cataloging eng
041 0# - LANGUAGE CODE
Language code of text/sound track or separate title eng
044 ## - COUNTRY OF PUBLISHING/PRODUCING ENTITY CODE
MARC country code United Kingdom
082 04 - DEWEY DECIMAL CLASSIFICATION NUMBER
Classification number 363.7284
Item number In821
Edition number 23
110 2# - MAIN ENTRY--CORPORATE NAME
Corporate name or jurisdiction name as entry element International Convention for the Control and Management of Ships' Ballast Water and Sediments
245 #0 - TITLE STATEMENT
Title Ballast Water Management Convention : and guidelines for its implementation /
250 ## - EDITION STATEMENT
Edition statement 2009th ed.
260 ## - PUBLICATION, DISTRIBUTION, ETC. (IMPRINT)
Place of publication, distribution, etc London :
Name of publisher, distributor, etc International Maritime Organization,
Date of publication, distribution, etc 2009
300 ## - PHYSICAL DESCRIPTION
Extent xi, 234 p. :
Other physical details ill.;
Dimensions 21 cm.
650 ## - SUBJECT ADDED ENTRY--TOPICAL TERM
Topical term or geographic name as entry element Discharge of ballast water
General subdivision Law and legislation
852 ## - LOCATION/CALL NUMBER
Location IMU Kochi Library
904 ## - LOCAL DATA ELEMENT D, LDD (RLIN)
CATALOGER Rudra Ranjan
905 ## - LOCAL DATA ELEMENT E, LDE (RLIN)
VERIFIER Rudra Ranjan
942 ## - ADDED ENTRY ELEMENTS (KOHA)
Item type Books
Holdings
Withdrawn status Lost status Damaged status Not for loan Collection code Permanent location Current location Shelving location Date acquired Source of acquisition Cost, normal purchase price Total Checkouts Full call number Barcode Date last seen Date last borrowed Koha item type Public note Source of classification or shelving scheme
        IMO Collection IMU Kochi Library IMU Kochi Library Reference 2017-03-30 Excel Books Pvt. Ltd. 815.00 1 363.7284 In821 BK004523 2023-11-01 2023-11-01 Books Shelf-3, Row-2  
        IMO Collection IMU Kochi Library IMU Kochi Library General Stacks 2017-03-30 Excel Books Pvt. Ltd. 815.00 3 363.7284 In821 BK004524 2023-11-30 2023-11-30 Books Shelf-3, Row-2  
        IMO Collection IMU Kochi Library IMU Kochi Library Reference 2012-11-02 M/s Sterling Book House (Inv. No. 1538 Dt. 2012-11-10) 549.00   363.7284 In821 BK000504 2020-01-07   Books Shelf-3, Row-2  


Copyright © All Rights Reserved by Indian Maritime University, Kochi Campus.
For any Suggestions/Query Contact to library or Email: library.kochi@imu.ac.in Ph:(0484)-2989402
(Web OPAC Designed by Rudra Ranjan. Maintained by IMU Kochi Library)

Powered by Koha